Object oriented software engineering : (Record no. 192978)
[ view plain ]
| 000 -LEADER | |
|---|---|
| fixed length control field | 00785nam a2200241Ia 4500 |
| 005 - DATE AND TIME OF LATEST TRANSACTION | |
| control field | 20221205112752.0 |
| 008 - FIXED-LENGTH DATA ELEMENTS--GENERAL INFORMATION | |
| fixed length control field | 210716s2012 xx 000 0 und d |
| 020 ## - INTERNATIONAL STANDARD BOOK NUMBER | |
| International Standard Book Number | 9788177587685 |
| 040 ## - CATALOGING SOURCE | |
| Transcribing agency | AIMIT LIBRARY |
| 041 ## - LANGUAGE CODE | |
| Language code of text/sound track or separate title | eng |
| 082 ## - DEWEY DECIMAL CLASSIFICATION NUMBER | |
| Classification number | 005.3681 |
| Edition number | 2 |
| Item number | BRUB |
| 100 ## - MAIN ENTRY--PERSONAL NAME | |
| Personal name | Bruegge, Bernd. |
| 9 (RLIN) | 64705 |
| 245 ## - TITLE STATEMENT | |
| Title | Object oriented software engineering : |
| Remainder of title | using uml patterns and java / |
| Statement of responsibility, etc. | By Bernd Bruegge and Allen H. Dutoit. |
| 250 ## - EDITION STATEMENT | |
| Edition statement | 2nd ed. |
| 260 ## - PUBLICATION, DISTRIBUTION, ETC. | |
| Place of publication, distribution, etc. | New Delhi : |
| Name of publisher, distributor, etc. | Pearson Education , |
| Date of publication, distribution, etc. | 2012. |
| 300 ## - PHYSICAL DESCRIPTION | |
| Extent | 802 p.; |
| Dimensions | 24.5 cm. |
| 650 ## - SUBJECT ADDED ENTRY--TOPICAL TERM | |
| Topical term or geographic name entry element | Requirements elicitation |
| 9 (RLIN) | 64706 |
| 650 ## - SUBJECT ADDED ENTRY--TOPICAL TERM | |
| Topical term or geographic name entry element | Mapping models to code |
| 9 (RLIN) | 64707 |
| 650 ## - SUBJECT ADDED ENTRY--TOPICAL TERM | |
| Topical term or geographic name entry element | Testing |
| 9 (RLIN) | 64708 |
| 650 ## - SUBJECT ADDED ENTRY--TOPICAL TERM | |
| Topical term or geographic name entry element | Software life cycle |
| 9 (RLIN) | 64709 |
| 700 ## - ADDED ENTRY--PERSONAL NAME | |
| Personal name | Dutoit, Allen H. |
| 9 (RLIN) | 64710 |
| 942 ## - ADDED ENTRY ELEMENTS (KOHA) | |
| Source of classification or shelving scheme | Dewey Decimal Classification |
| Koha item type | Book |
| Edition | 2nd |
| Call number prefix | 005.3681 BRUB |
| Withdrawn status | Lost status | Source of classification or shelving scheme | Damaged status | Not for loan | Collection code | Home library | Current library | Source of acquisition | Cost, normal purchase price | Inventory number | Total Checkouts | Full call number | Barcode | Date last seen | Date last checked out | Cost, replacement price | Price effective from | Koha item type |
|---|---|---|---|---|---|---|---|---|---|---|---|---|---|---|---|---|---|---|
| Dewey Decimal Classification | MCA | St Aloysius Institute of Management & Information Technology | St Aloysius Institute of Management & Information Technology | Higginbothams Pvt Ltd | 625.00 | Bill no:151; Bill dt:2012-11-16 | 5 | 005.3681 BRUB | MCA12486 | 05/23/2026 | 04/12/2023 | 468.75 | 07/16/2021 | Book | ||||
| Dewey Decimal Classification | MCA | St Aloysius Institute of Management & Information Technology | St Aloysius Institute of Management & Information Technology | Higginbothams Pvt Ltd | 625.00 | Bill no:151; Bill dt:2012-11-16 | 3 | 005.3681 BRUB | MCA12487 | 05/23/2026 | 04/18/2024 | 468.75 | 07/16/2021 | Book |